| 000 | cam a22 a 4500 | ||
|---|---|---|---|
| 999 |
_c3936 _d3936 |
||
| 003 | AKMAL | ||
| 005 | 20170524124250.0 | ||
| 008 | 170524s2000 my 00 1 may d | ||
| 020 |
_a9838934062 (kkt.) : _cRM 16.90 |
||
| 039 | 9 |
_a201410072239 _bhisham_oclc _c201104141527 _dmanoriah _c200605171145 _dsuhana _c200501071118 _droslelawati |
|
| 040 |
_aAKMAL _cAKMAL |
||
| 049 | _aklpmal | ||
| 082 | 0 | 4 |
_a899.2333 MAH _222 |
| 090 | 0 | 0 |
_a899.2333 _bMAH |
| 090 | 2 | 0 |
_a899.2333 _bMAH |
| 100 | 0 |
_aMaharam Mamat _97757 |
|
| 245 | 1 | 0 |
_aWaris / _cMaharam Mamat |
| 260 |
_aKuala Lumpur, _c2000 |
||
| 300 |
_a279ms. ; _c18cm. |
||
| 520 | _aAndai aku tahu pertemuan ini sekadar menyakitkan, kekepedihannya bagai menanggung segunung derita... tak mungkin aku melayan rasa sayang ini. Tersandungkah langkah hingga sukarnya meneka perasaan sendiri? Kiranya kelopak sena kian lebat gugurnya, mata hanya mampu memandang... mengutipnya sekadar menambah luka | ||
| 650 | 1 | 0 |
_aMalay fiction _92141 |
| 942 |
_2ddc _cBOOK |
||